header

Henry James (Record no. 225963)

MARC details
000 -LEADER
fixed length control field 01231nam a2200349 a 4500
082 04 - DEWEY DECIMAL CLASSIFICATION NUMBER
Classification number 813.4
100 1# - MAIN ENTRY--AUTHOR NAME
Personal name Tambling, Jeremy.
245 10 - TITLE STATEMENT
Title Henry James
260 ## - PUBLICATION, DISTRIBUTION, ETC. (IMPRINT)
Place of publication London :
Name of publisher Macmillan,
Year of publication 2000.
300 ## - PHYSICAL DESCRIPTION
Number of Pages xi, 249 p.
490 0# - SERIES STATEMENT
Series statement Critical issues series
856 40 - ELECTRONIC LOCATION AND ACCESS
Uniform Resource Identifier http://site.ebrary.com/lib/rucke/Doc?id=2004483

No items available.

© 2026 Rongo University
Contact us: librarian | system librarian | Rongo university